| 000 | 00534nam a2200193Ia 4500 | ||
|---|---|---|---|
| 003 | IIN | ||
| 005 | 20240125112602.0 | ||
| 008 | 231217s9999 xx 000 0 und d | ||
| 020 |
_cRs.795.00 _a9789352705801 |
||
| 040 |
_aIIN _bEnglish |
||
| 082 |
_a610.73072 _bREN |
||
| 100 | 1 | _aRentala, Sreevani | |
| 245 | 1 |
_aBasics in Nursing Research and Biostatistics _cSreevani Rentala |
|
| 260 |
_bJaypee _aNew Delhi _c2020 |
||
| 300 | _axvii, [3] 4-533 p. | ||
| 650 | 1 |
_aResearch _vNursing |
|
| 650 | 1 |
_aBiostatistics _vNursing |
|
| 942 | _cBOOK | ||
| 999 |
_c95 _d95 |
||